000 00268nam a2200109Ia 4500
001 587504
005 20250717113817.0
008 250717s9999 xx 000 0 und d
245 0 _aX-10 GARİP AMA GERÇEK 4
_cKOMİSYON
260 _bBETA YAYINLARI
_c2020
300 _b216
999 _c587504
_d587504